000 00554nam a2200181Ia 4500
003 GCL
008 140319s9999 xx 000 0 ara d
040 _aGCL /
_cGCL
082 0 4 _a780.92 ج ع
100 1 _aجورج مدبك
245 1 0 _aعالم الموسيقيين /
_cجورج مدبك
260 _a[S.N] :
_bدار الراتب الجامعية ،
_c1993
490 _aسلاسل سوفنير
_v0
650 0 4 _aالموسيقى
650 0 4 _aالموسيقى الغربية
650 0 4 _aالموسيقيون - تراجم
942 _2ddc
_cBK
999 _c33248
_d33248